00260nam a2200109Ia 4500008004100000020001800041082001500059100001600074245003200090260001200122500001600134260604s9999 xx 000 0 und d a9780143444343 a823.92 MUR aSudha murty 0aHere, There and Every Where bPenguin aSudha murty